Horský hotel

Enregistré dans:
Détails bibliographiques
Auteur principal: Bašista, Adam (Auteur)
Autres auteurs: Šimkovičová, Vladimíra (Directeur de thèse)
Format: Manuscrit Livre
Langue:slovaque
Publié: 2022
Sujets:
Accès en ligne:http://is.stuba.sk/zp/portal_zp.pl?podrobnosti=164097
https://opac.crzp.sk/?fn=detailBiblioForm&sid=D9F0BB0A8DA9926980A897D31B33
Tags: Ajouter un tag
Pas de tags, Soyez le premier à ajouter un tag!

MARC

LEADER 00000ntm a22000003a 4500
001 stuzp88929
003 SK-STU
005 20230424135611.3
007 ta
008 150427s2015----xo-----f-mn---000-0-slo-d
040 |a STU  |b slo 
041 0 |a slo 
100 1 |a Bašista, Adam  |u 010310  |4 aut  |U SvF Stavebná fakulta  |T SvF Katedra architektúry  |X 75526  |U V181|V310  |Y 19  |7 75526 
242 0 1 |a Mountain Hotel  |y eng 
245 1 0 |a Horský hotel 
260 |c 2022 
650 4 |a horsky hotel  |2 slo 
650 4 |a architektúra  |2 slo 
650 4 |a Vysoké Tatry  |2 slo 
650 4 |a architecture  |2 eng 
650 4 |a mountain hotel  |2 eng 
650 4 |a High Tatras  |2 eng 
700 1 |a Šimkovičová, Vladimíra  |u 010310  |k Z1  |4 ths  |U SvF Stavebná fakulta  |T SvF Katedra architektúry  |X 649  |U V181|V310  |Y 19  |7 A000000649 
856 4 |u http://is.stuba.sk/zp/portal_zp.pl?podrobnosti=164097 
856 4 |u https://opac.crzp.sk/?fn=detailBiblioForm&sid=D9F0BB0A8DA9926980A897D31B33